Normal view
MARC view
Entry Topical Term
001 - CONTROL NUMBER
- control field: 59184
003 - CONTROL NUMBER IDENTIFIER
- control field: OSt
005 - DATE AND TIME OF LATEST TRANSACTION
- control field: 20260224163919.0
008 - FIXED-LENGTH DATA ELEMENTS
- fixed length control field: 260224|| aca||aabn | a|a d
040 ## - CATALOGING SOURCE
- Original cataloging agency: OSt
- Transcribing agency: OSt
600 ## -
- : Trinity
670 ## - SOURCE DATA FOUND
- Source citation: Work cat.: (OSt)68843: Swain, Scott R., author. 58106, The Trinity :, 2020
